Central Library OPAC University of Rajshahi

Report on the need and supply of credit in the rural areas of the Punjab : (Record no. 48904)

MARC details
000 -LEADER
fixed length control field 00959nam a2200253 a 4500
001 - CONTROL NUMBER
control field 48904
003 - CONTROL NUMBER IDENTIFIER
rucl marc code BD-RjUL
005 - DATE AND TIME OF LATEST TRANSACTION
control field 20211209054614.0
008 - FIXED-LENGTH DATA ELEMENTS--GENERAL INFORMATION
fixed length control field 190423s1951 pk a | 000 0 eng
020 ## - INTERNATIONAL STANDARD BOOK NUMBER
Terms of availability : PRs. 1.80
035 ## - SYSTEM CONTROL NUMBER
System control number (BD-RjUL)49023
040 ## - CATALOGING SOURCE
Original cataloging agency BD-RjUL
Language of cataloging eng
Transcribing agency BD-RjUL
Modifying agency BD-RjUL
041 ## - LANGUAGE CODE
Language code of text/sound track or separate title eng
082 0# - DEWEY DECIMAL CLASSIFICATION NUMBER
Edition number 23
Classification number 332.7109549
Author mark and year SYR 1951
100 1# - MAIN ENTRY--PERSONAL NAME
Personal name Syed, Hassan Ali
9 (RLIN) 231053
245 ## - TITLE STATEMENT
Title Report on the need and supply of credit in the rural areas of the Punjab :
Remainder of title Inquiry /
Statement of responsibility, etc. Conducted by Hassan Ali Syed
260 ## - PUBLICATION, DISTRIBUTION, ETC. (IMPRINT)
Place of publication, distribution, etc. [Lahore] :
Name of publisher, distributor, etc. Board of Economic Inquiry, Punjab (Pakistan),
Date of publication, distribution, etc. 1951.
300 ## - PHYSICAL DESCRIPTION
Pagination iv, 60, [4] p. :
Illustrations ill ;
Size 25 cm.
490 ## - SERIES STATEMENT
Series statement The Board of Economic Inquiry, Punjab (Pakistan) ;
Volume/sequential designation Publication no. 101.
500 ## - GENERAL NOTE
General note "Cover Title"
650 ## - SUBJECT ADDED ENTRY--TOPICAL TERM
Topical term or geographic name as entry element Agricultural credit
Geographic subdivision Pakistan
-- Punjab.
9 (RLIN) 231054
830 ## - SERIES ADDED ENTRY--UNIFORM TITLE
Uniform title The Board of Economic Inquiry, Punjab (Pakistan) ;
Volume number/sequential designation Publication no. 101.
942 ## - ADDED ENTRY ELEMENTS (KOHA)
Source of classification or shelving scheme Dewey Decimal Classification
Koha item type Rare Books
Holdings
Lost status Source of classification or shelving scheme Damaged status Not for loan Collection code Permanent Location Current Location Shelving location Date acquired Total Checkouts Full call number Date last seen Copy number Koha item type
  Dewey Decimal Classification   Not For Loan Rare Books Central Library, University of Rajshahi Central Library, University of Rajshahi Rare Book Section 23/04/2019   RA 332.7109549 SYR 1951 23/04/2019 C-1 Rare Books